MARC

LEADER 00000nam0a2200000 4500
001 250977
005 20231101232619.0
010 |a 5247005457 
020 |a RU  |b 89-27655 
035 |a (RuTPU)RU\TPU\book\273219 
090 |a 250977 
100 |a 20140218d1989 k y0rusy5003 ca 
101 0 |a rus 
102 |a RU 
105 |a y z 001zy 
200 1 |a Экономика переработки углей  |f И. П. Крапчин 
210 |a Москва  |c Недра  |d 1989 
215 |a 213 с. 
320 |a Библиогр.: с. 212 (25 назв.) 
606 1 |a Уголь  |x Переработка,химическая  |2 stltpush  |3 (RuTPU)RU\TPU\subj\33203  |9 55507 
610 1 |a технико-экономические показатели 
610 1 |a угольная промышленность 
610 1 |a топливно-энергетический комплекс 
610 1 |a экономика 
610 1 |a газификация 
610 1 |a ожижение 
610 1 |a экономические показатели 
610 1 |a использование 
610 1 |a обогащение 
675 |a 662.74  |z rus  |v 3 
700 1 |a Крапчин  |b И. П.  |g Иван Петрович 
801 0 |a RU  |b RuMRKP  |c 19950417  |g psbo 
801 1 |a RU  |b 63413507  |c 20140218 
801 2 |a RU  |b 63413507  |c 20160627  |g RCR 
942 |c BK